| 000 | 00677nam a22002057a 4500 | ||
|---|---|---|---|
| 999 |
_c186247 _d186247 |
||
| 005 | 20220607125206.0 | ||
| 010 | _aENG-131672 | ||
| 020 |
_a978-81-945268-3-4 _c449.00 |
||
| 035 | _aEN-115204 | ||
| 037 | _bDBAD | ||
| 082 | _a363.7 | ||
| 100 | _aPrasad, A. Aditya | ||
| 245 |
_aEnvironmental Science/ _c A. Aditya Prasad, S. Hemambika and A.Rambabu |
||
| 260 |
_aHyderabad _bSpectrum Educational Books _c2020 |
||
| 270 |
_a# 326/C, Level-2, Surneni Nilayam Near B K Guda Park, S R Nagar _bHyderabad _e500038 _k4023710657, 238000657 |
||
| 300 |
_axiv, 360p. _c24cm(pbk) |
||
| 700 | _aS. Hemambika | ||
| 700 | _aA. Rambabu | ||
| 942 |
_2ddc _cEN _h363.7 _mPRA |
||